000 00480nam a2200157 a 4500
001 000034430
005 20200930073709.0
008 111004s2004 xxu 000 0 spa d
040 _aDO-SdBNP
_bspa
_cBNPHU
041 1 _aeng
_bspa
082 _axxxx
_bE58
245 0 0 _aEnglish-spanish dictionary of health related terms = Diccionario de términos de salud en español e inglés.
260 _aNew York :
_bGalos.Publishing,
_c2004.
300 _a221 p. ;
_c21 cm.
049 _aBNGR
999 _c33921
_d33921